000 01494nam a2200313 i 4500
001 170811
003 ES-MaACL
005 20250808062745.0
008 090407s1954 sp |||| | spa d
100 0 _aTomás de Aquino,
_cSanto
_9110514
240 1 0 _aSumma theologica.
_lEspañol-Latín
245 1 0 _aSuma teológica.
_nT. IV /
_cde Santo Tomás de Aquino ; texto latino de la edición crítica Leonina ; traducción y anotaciones por una comisión de PP. Dominicos presidida por Francisco Barbado Viejo ; introducción general por Santiago Ramírez.
260 _aMadrid :
_bLa Editorial Católica,
_c1954.
300 _aXX, 1031 p. ;
_c20 cm.
490 1 _aBiblioteca de autores cristianos ;
_v126
505 8 _aContiene : Tratado de la Bienaventuranza y de los actos humanos / versión e introducciones de Teófilo Urdanoz . Tratado de las pasiones / versión e introducciones de Manuel Úbeda Purkiss y Fernando Soria
546 _aTexto en latín y castellano.
700 1 _aBarbado Viejo, Francisco,
_cObispo de Salamanca.
_9139678
700 0 _aRamírez, Santiago.
_995112
700 1 _aUrdanoz, Teófilo.
_9139750
700 0 _aUbeda Purkiss, Manuel.
_9111831
700 1 _aSoria, Fernando,
_cO.P.
_9139751
740 0 _aTratado de la bienaventuranza y de los actos humanos.
740 0 _aTratado de las pasiones.
830 0 0 _aBiblioteca de autores cristianos
_v126
_9178679
852 _aES-MaACL
_jJ-124
_9R.46092
999 _c170811
_d170811